Les podiums des records des coupes du monde en rugby à XV - Statistiques

Statistiques générales
  • Ce quiz a été pris 45 fois
  • Le résultat moyen est 22 sur 61
Statistiques - réponses
Coupes remportées Indice Pays % Correct
Nombre de participations 10 Angleterre
94%
Nombre de participations 10 Australie
69%
Nombre de participations 10 France
69%
Coupes remportées 4 Afrique-du-Sud
67%
Nombre de participations 10 Argentine
67%
Coupes remportées 2 Australie
67%
Coupes remportées 3 Nouvelle-Zélande
67%
% de victoires 77.70 Afrique-du-Sud
64%
% de victoires 85.70 Nouvelle-Zélande
64%
% de victoires 77.10 Australie
61%
Nombre de participations 10 Ecosse
61%
Participation à une demi-finale 9 Nouvelle-Zélande
61%
Participation à une demi-finale 6 Australie
58%
Participation à une demi-finale 6 France
58%
Nombre de participations 10 Irlande
58%
Nombre de participations 10 Nouvelle-Zélande
58%
Nombre de participations 10 Pays-de-Galles
58%
Participation à une demi-finale 6 Afrique-du-Sud
47%
Participation à une demi-finale 6 Angleterre
47%
Equipes ayant marqué le plus de points en un match 145 Nouvelle-Zélande
47%
Equipes ayant marqué le plus de points en un match 142 Australie
44%
Participation à une finale 5 Nouvelle-Zélande
44%
Nombre de matchs disputés 58 Angleterre
42%
Equipes ayant marqué le plus de points en un match 111 Angleterre
42%
Nombre de matchs disputés 58 France
42%
Nombre de matchs disputés 63 Nouvelle-Zélande
42%
Equipes ayant imposé la plus grande différence de points à leur adversaire 128 Nouvelle-Zélande
42%
Nombre d'essais marqués 395 Nouvelle-Zélande
39%
Equipes ayant imposé la plus grande différence de points à leur adversaire 142 Australie
36%
Nombre d'essais marqués 213 France
36%
Participation à une finale 5 Afrique-du-Sud
33%
Participation à une finale 5 Angleterre
31%
Equipes ayant imposé la plus grande différence de points à leur adversaire 98 Angleterre
31%
Nombre d'essais marqués 241 Australie
31%
Equipes ayant marqué le plus d'essais en un match 22 Australie
31%
Nombre de points marqués 2888 Nouvelle-Zélande
31%
Equipes ayant marqué le plus d'essais en un match 21 Nouvelle-Zélande
31%
Equipes ayant marqué le plus d'essais en un match 17 Angleterre
28%
Nombre de points marqués 1887 Australie
28%
Nombre de points marqués 1823 France
28%
Equipes ayant imposé la plus grande différence de points à leur adversaire 98 Nouvelle-Zélande
17%
Nationalités des joueurs ayant marqué le plus d'essais en un match 5 Anglais
14%
Nationalités des joueurs ayant marqué le plus d'essais en un match 5 Australien
14%
Nationalités des joueurs ayant marqué le plus d'essais en une seule édition 8 Néo-Zélandais
14%
Nationalités des joueurs ayant marqué le plus de points en un match 45 Néo-Zélandais
14%
Nationalités des joueurs ayant marqué le plus d'essais en un match 6 Néo-Zélandais
14%
Nationalités des joueurs ayant marqué le plus d'essais en une seule édition 8 Sud-Africain
14%
Nationalités des joueurs ayant marqué le plus de points en une seule édition 113 Anglais
11%
Nationalités des joueurs ayant marqué le plus de points 277 Anglaise
11%
Nationalités des joueurs ayant marqué le plus d'essais 14 Australien
11%
Nationalités des joueurs ayant marqué le plus de points en une seule édition 112 Français
11%
Nationalités des joueurs ayant marqué le plus d'essais 15 Néo-Zélandais
11%
Nationalités des joueurs ayant marqué le plus de points en une seule édition 126 Néo-Zélandais
11%
Nationalités des joueurs ayant marqué le plus d'essais 15 Sud-Africain
11%
Nationalités des joueurs ayant marqué le plus de points 195 Australienne
8%
Nationalités des joueurs ayant marqué le plus d'essais en une seule édition 8 Néo-Zélandais
8%
Nationalités des joueurs ayant marqué le plus de points en un match 42 Australien
6%
Nationalités des joueurs ayant marqué le plus de points en un match 44 Ecossais
6%
Nationalités des joueurs ayant marqué le plus de points 227 Ecossaise
6%
Nationalités des joueurs ayant marqué le plus d'essais en une seule édition 8 Néo-Zélandais
6%
Nationalités des joueurs ayant marqué le plus d'essais en un match 5 Anglais
3%
Aucun quiz correspondant
Distribution des résultats
% des personnes avec chaque résultat
Percentile par nombre de réponses
Votre historique - résultats
Vous n’avez pas pris ce quiz